Zero quality control : Source inspection and the poka-yoke system

Zapisane w:
Opis bibliograficzny
1. autor: Shingo, Shigeo
Format: Książka
Język:Undetermined
Wydane: England Productivity Press 1986
Hasła przedmiotowe:
Etykiety: Dodaj etykietę
Nie ma etykietki, Dołącz pierwszą etykiete!
Thư viện lưu trữ: Trung tâm Học liệu Trường Đại học Cần Thơ
LEADER 00526nam a2200193Ia 4500
001 CTU_88588
008 210402s9999 xx 000 0 und d
082 |a 658.5 
082 |b S556 
100 |a Shingo, Shigeo 
245 0 |a Zero quality control : 
245 0 |b Source inspection and the poka-yoke system 
245 0 |c Shigeo Shingo 
260 |a England 
260 |b Productivity Press 
260 |c 1986 
650 |a Quality control 
904 |i Giang,Hải 
980 |a Trung tâm Học liệu Trường Đại học Cần Thơ